000 00577nam a2200205Ia 4500
005 20250923144916.0
008 008 250917s9999 xx 000 0 eng d
037 _aTextual
040 _aDSWL
_beng
_cDSWL
041 _aeng
_2eng
084 _aY14(X:99P).2, K5
_qDSWL
100 _aRamanathan, G.
_9829690
245 0 _aIndian Babu
_cby G. Ramanathan
260 _aNew York
_bDelhi Publication Pvt. Ltd.
_c1964
300 _a284p.
365 _aINR
_b9.50
925 _g9.50
942 _cTEXL
_hY14(X:99P).2, K5
999 _c1444866
_d1444866